[Event "Montreal CC-ch"]
[Site "Montreal CAN"]
[Date "2019.06.08"]
[Round "2.8"]
[White "Pomerantz, Daniel"]
[Black "Allaire, Denis"]
[Result "1-0"]
[WhiteElo "2191"]
[BlackElo "1694"]
[PlyCount "105"]
[EventDate "2019.06.07"]
[EventType "swiss"]
[EventRounds "5"]
[EventCountry "CAN"]

1. e4 e5 2. Nf3 Nf6 3. Nc3 Bb4 4. Nxe5 Bxc3 5. dxc3 d6 6. Nf3 Nxe4 7. Bd3 Nc5
8. O-O Nxd3 9. Qxd3 O-O 10. Re1 Nc6 11. Bf4 Qf6 12. Qd2 Bg4 13. Bg5 Qf5 14. Nh4
Qc5 15. h3 Bd7 16. b4 Qc4 17. Nf3 f6 18. Be3 Rae8 19. a3 Re4 20. Bd4 Rfe8 21.
Rxe4 Rxe4 22. Re1 Qe6 23. Rxe4 Qxe4 24. Ne1 Nxd4 25. cxd4 Bb5 26. f3 Qe2 27.
Qxe2 Bxe2 28. Kf2 Bc4 29. Ke3 Kf7 30. f4 f5 31. g3 Bf1 32. Nf3 h6 33. h4 Ke6
34. Nd2 Bb5 35. c4 Be8 36. d5+ Kf6 37. Nf3 c6 38. dxc6 bxc6 39. Kd4 Ke6 40. c5
Bh5 41. Nd2 d5 42. Nb1 Be2 43. Nc3 Bc4 44. Nd1 Be2 45. Ne3 Bb5 46. Kc3 Ba4 47.
Nf1 Bd1 48. Nd2 Kd7 49. Nb1 Kc7 50. Kd4 Kd7 51. Ke5 Bc2 52. Nc3 a6 53. Ne2 1-0

[Event "Montreal CC-ch"]
[Site "Montreal CAN"]
[Date "2019.06.08"]
[Round "2.9"]
[White "Adam, Rafael"]
[Black "Zheng, Richard"]
[Result "1/2-1/2"]
[WhiteElo "1667"]
[BlackElo "2165"]
[PlyCount "253"]
[EventDate "2019.06.07"]
[EventType "swiss"]
[EventRounds "5"]
[EventCountry "CAN"]

1. d4 d5 2. c4 c6 3. Nc3 Nf6 4. e3 e6 5. Nf3 a6 6. Bd3 dxc4 7. Bxc4 b5 8. Bd3
c5 9. dxc5 Bxc5 10. O-O Bb7 11. Be2 Qc7 12. a3 O-O 13. Qc2 Bd6 14. h3 Nbd7 15.
Bd2 Rac8 16. Rac1 Qb6 17. Rfd1 Bb8 18. Qb1 Nc5 19. b4 Nce4 20. Nxe4 Nxe4 21.
Bd3 Rxc1 22. Rxc1 f5 23. Qb2 Nxd2 24. Qxd2 Rd8 25. Qe2 Bxf3 26. gxf3 Qd6 27. f4
Qxd3 28. Qxd3 Rxd3 29. Rc8+ Kf7 30. Rxb8 Rxa3 31. Rb6 h6 32. h4 g6 33. Kg2 Rb3
34. Rxa6 Rxb4 35. Rb6 Rb1 36. Rb7+ Kf6 37. Kf3 b4 38. Kg2 b3 39. Kf3 g5 40.
hxg5+ hxg5 41. fxg5+ Kxg5 42. Kg2 e5 43. Rb6 e4 44. Kh2 f4 45. Rb5+ Kg4 46.
exf4 Kxf4 47. Kg2 b2 48. Rb8 Ke5 49. Rb5+ Ke6 50. Rb8 Ke5 51. Re8+ Kd6 52. Rb8
Ke5 53. Re8+ Kd4 54. Rd8+ Kc3 55. Rc8+ Kd2 56. Rd8+ Ke2 57. Rb8 Ke1 58. Rb7 Kd2
59. Rc7 Ke2 60. Rb7 Kd3 61. Rd7+ Kc3 62. Rc7+ Kd4 63. Rd7+ Kc5 64. Rb7 Kd5 65.
Rb8 Kd6 66. Rb3 Kc7 67. Rb4 Kc8 68. Rb3 Kd7 69. Rb4 Ke6 70. Rb8 Kd6 71. Rb3 Kd5
72. Rb8 e3 73. fxe3 Ke4 74. Re8+ Kd3 75. Rd8+ Ke2 76. Rb8 Kxe3 77. Re8+ Kf4 78.
Rf8+ Ke5 79. Re8+ Kd6 80. Rb8 Kc5 81. Rc8+ Kb4 82. Rb8+ Ka5 83. Ra8+ Kb6 84.
Rb8+ Ka7 85. Rb3 Ka8 86. Rb4 Ka7 87. Rb3 Ka6 88. Rb8 Ka5 89. Rb7 Ka6 90. Rb8
Ka5 91. Rb7 Ka4 92. Rb8 Ka3 93. Ra8+ Kb3 94. Rb8+ Ka2 95. Ra8+ Kb3 96. Rb8+ Kc4
97. Rc8+ Kd5 98. Rd8+ Ke5 99. Re8+ Kd6 100. Rb8 Kc6 101. Rb3 Kd6 102. Rb8 Kd5
103. Rd8+ Kc6 104. Rb8 Kc7 105. Rb3 Kd6 106. Rb8 Kc6 107. Rb3 Kc5 108. Rb8 Kd4
109. Rd8+ Kc3 110. Rc8+ Kb4 111. Rb8+ Kc5 112. Rc8+ Kd6 113. Rb8 Kd5 114. Rd8+
Kc5 115. Rc8+ Kb5 116. Rb8+ Kc5 117. Rc8+ Kd6 118. Rb8 Kc5 119. Rc8+ Kd6 120.
Rb8 Kd5 121. Rd8+ Kc6 122. Rb8 Kc5 123. Rc8+ Kb6 124. Rb8+ Kc6 125. Rb3 Kc7
126. Rb4 Rc1 127. Rxb2 1/2-1/2

[Event "Montreal CC-ch"]
[Site "Montreal CAN"]
[Date "2019.06.08"]
[Round "2.10"]
[White "Broday, Gabriel Renan"]
[Black "Kay, Sang Kil"]
[Result "1-0"]
[WhiteElo "2115"]
[BlackElo "1678"]
[PlyCount "95"]
[EventDate "2019.06.07"]
[EventType "swiss"]
[EventRounds "5"]
[EventCountry "CAN"]

1. e4 g6 2. d4 d6 3. Nc3 Bg7 4. f4 a6 5. Nf3 Bg4 6. Be2 Nd7 7. Be3 h6 8. Qd2
Ngf6 9. e5 Ng8 10. h3 Bxf3 11. Bxf3 c6 12. O-O-O d5 13. g4 e6 14. f5 b5 15. f6
Ngxf6 16. exf6 Nxf6 17. Kb1 a5 18. Rhf1 a4 19. a3 Nd7 20. Na2 Nb6 21. Be2 g5
22. c3 Bf8 23. Nb4 Qd7 24. Bd3 Bd6 25. Qf2 Nc4 26. Bc1 Bxb4 27. cxb4 Qe7 28.
Qf6 Qxf6 29. Rxf6 Ke7 30. Rxh6 f6 31. Rxh8 Rxh8 32. Rh1 Rh4 33. Kc2 Nd6 34. Kd1
Kf7 35. Ke2 Kg7 36. Kf3 Nf7 37. Be3 Rh8 38. Kg3 Nd6 39. h4 Nf7 40. Rh2 Rh6 41.
hxg5 fxg5 42. Rc2 e5 43. dxe5 Nxe5 44. Bd4 Re6 45. Bf5 Kf6 46. Re2 Re7 47. Rxe5
Rxe5 48. Kf3 1-0

[Event "Montreal CC-ch"]
[Site "Montreal CAN"]
[Date "2019.06.08"]
[Round "2.12"]
[White "Jacquet, Stephane"]
[Black "Bernardi, Felipe"]
[Result "1-0"]
[WhiteElo "2012"]
[BlackElo "1665"]
[PlyCount "113"]
[EventDate "2019.06.07"]
[EventType "swiss"]
[EventRounds "5"]
[EventCountry "CAN"]

1. d4 Nf6 2. c4 g6 3. Nc3 Bg7 4. e4 d6 5. Nf3 Bg4 6. Be3 O-O 7. Be2 Nbd7 8. Qd2
e5 9. d5 Ne8 10. Bg5 f6 11. Bh4 g5 12. Bg3 Bxf3 13. Bxf3 f5 14. exf5 Rxf5 15.
h4 h6 16. Bg4 Rf6 17. Ne4 Rf4 18. Be6+ Kf8 19. Bxf4 exf4 20. hxg5 hxg5 21.
O-O-O Nc5 22. Nxc5 dxc5 23. Qd3 Nd6 24. Qg6 Qf6 25. Qxf6+ Bxf6 26. Rh7 Bd4 27.
Rdh1 Re8 28. Rxc7 Re7 29. Rxe7 Kxe7 30. f3 a6 31. b3 b5 32. Rh7+ Kf6 33. cxb5
axb5 34. a4 bxa4 35. bxa4 Nc4 36. Rf7+ Kg6 37. Ra7 Bc3 38. Kc2 Bb4 39. Ra6 Kf6
40. Bh3+ Ke5 41. Rg6 Kxd5 42. Be6+ Kd4 43. Bxc4 Kxc4 44. Rxg5 Be1 45. Rf5 Bg3
46. a5 Kb5 47. Kd3 Kxa5 48. Rxc5+ Kb6 49. Rf5 Kc6 50. Ke4 Kd6 51. Rxf4 Ke6 52.
Rg4 Be1 53. Rg6+ Kf7 54. Kf5 Bc3 55. Rc6 Ba5 56. Ra6 Bc3 57. Ra7+ 1-0

[Event "Montreal CC-ch"]
[Site "Montreal CAN"]
[Date "2019.06.08"]
[Round "2.13"]
[White "Boudreau, Daniel"]
[Black "Bilodeau-Savaria, Sandy-Rose"]
[Result "1-0"]
[WhiteElo "2053"]
[BlackElo "1319"]
[PlyCount "93"]
[EventDate "2019.06.07"]
[EventType "swiss"]
[EventRounds "5"]
[EventCountry "CAN"]

1. e4 c5 2. Nf3 e6 3. d4 cxd4 4. Nxd4 Nc6 5. c4 Qc7 6. Nc3 a6 7. Be2 Nf6 8. O-O
Be7 9. Be3 O-O 10. f4 d6 11. Rc1 Rd8 12. Bf3 Nxd4 13. Qxd4 e5 14. Qd2 exf4 15.
Bxf4 Bd7 16. Rfd1 Bc6 17. Be3 Re8 18. b4 Bf8 19. Qd4 Qe7 20. Bg5 h6 21. Bxf6
Qxf6 22. Qxf6 gxf6 23. a4 Rac8 24. b5 Bd7 25. Nd5 Kg7 26. Nb6 Rc7 27. Nxd7 Rxd7
28. c5 Rc8 29. Bg4 Rdc7 30. Bxc8 Rxc8 31. bxa6 bxa6 32. c6 Be7 33. Rd5 Kf8 34.
Ra5 Ke8 35. Rxa6 Bd8 36. Kf2 Ke7 37. Ke3 Ke6 38. Kd4 Bc7 39. a5 Rb8 40. Ra7 Rc8
41. g4 Ke7 42. Kd5 Kd8 43. Rb1 Rb8 44. Rxb8+ Bxb8 45. Ra8 Kc8 46. a6 Kc7 47. a7
1-0

[Event "Montreal CC-ch"]
[Site "Montreal CAN"]
[Date "2019.06.08"]
[Round "2.15"]
[White "Nesterov, Timour"]
[Black "Kartobi, Youcef"]
[Result "1-0"]
[WhiteElo "1911"]
[BlackElo "1547"]
[PlyCount "48"]
[EventDate "2019.06.07"]
[EventType "swiss"]
[EventRounds "5"]
[EventCountry "CAN"]

1. d4 d5 2. Bf4 Nf6 3. e3 e6 4. Bd3 c5 5. c3 Nc6 6. Nf3 b6 7. O-O Bb7 8. Nbd2
Be7 9. Ne5 Nxe5 10. Bxe5 c4 11. Bc2 b5 12. Qe2 Bd6 13. Bxf6 Qxf6 14. e4 dxe4
15. Nxe4 Qe7 16. a4 a6 17. axb5 axb5 18. Qh5 e5 19. Nxd6+ Qxd6 20. dxe5 Qd5 21.
Qg5 f6 22. Qg3 O-O-O 23. Bf5+ Kc7 24. exf6+ Rd6 1-0

[Event "Montreal CC-ch"]
[Site "Montreal CAN"]
[Date "2019.06.08"]
[Round "2.16"]
[White "Milosz, Jerzy"]
[Black "Zhang, Chu Hang"]
[Result "0-1"]
[WhiteElo "1463"]
[BlackElo "1907"]
[PlyCount "56"]
[EventDate "2019.06.07"]
[EventType "swiss"]
[EventRounds "5"]
[EventCountry "CAN"]

1. e4 e5 2. Nf3 Nc6 3. Bc4 Nf6 4. Ng5 d5 5. exd5 Na5 6. Bb5+ c6 7. dxc6 bxc6 8.
Qf3 h6 9. Ne4 Nd5 10. Be2 Be7 11. d3 O-O 12. Qg3 Kh7 13. h4 f5 14. Ng5+ Kg8 15.
Qxe5 hxg5 16. hxg5 Bxg5 17. Qh2 Bxc1 18. Qh7+ Kf7 19. Bh5+ Kf6 20. Qg6+ Ke7 21.
Qxg7+ Kd6 22. c4 Qe7+ 23. Qxe7+ Nxe7 24. a3 Nb3 25. Ra2 Rh8 26. g3 f4 27. Bf3
Rxh1+ 28. Bxh1 fxg3 0-1

[Event "Montreal CC-ch"]
[Site "Montreal CAN"]
[Date "2019.06.08"]
[Round "3.1"]
[White "Yu, Zong Yang"]
[Black "Feoktistov, Dmitri"]
[Result "1-0"]
[WhiteElo "2476"]
[BlackElo "2218"]
[PlyCount "125"]
[EventDate "2019.06.07"]
[EventType "swiss"]
[EventRounds "5"]
[EventCountry "CAN"]

1. Nf3 f5 2. g3 Nf6 3. Bg2 d6 4. d4 g6 5. O-O Bg7 6. b3 O-O 7. Bb2 c6 8. c4 e5
9. dxe5 Ng4 10. Nc3 Nxe5 11. Qd2 Qa5 12. Rfd1 Nbd7 13. Rac1 Nf7 14. Rc2 Nde5
15. Nxe5 dxe5 16. Na4 Qc7 17. Qc1 b6 18. Ba3 Re8 19. Rcd2 e4 20. Bb2 Ne5 21. f4
Ng4 22. Rd6 c5 23. Bxg7 Qxg7 24. h3 Nh6 25. Qc3 Be6 26. Qxg7+ Kxg7 27. Rc6 Re7
28. Nc3 Kf7 29. Nb5 Rd7 30. Rxd7+ Bxd7 31. Rc7 Ke6 32. Rxa7 Rxa7 33. Nxa7 Kd6
34. e3 Kc7 35. Bf1 Ng8 36. Nb5+ Bxb5 37. cxb5 Nf6 38. Kf2 Kd6 39. Be2 h6 40. a4
Ke7 41. Bc4 Ne8 42. Ke1 Nf6 43. Be2 Nd5 44. Kd2 Kf6 45. Bc4 Nb4 46. a5 bxa5 47.
b6 Nc6 48. Bd5 Nb8 49. Kc3 Ke7 50. b7 Nd7 51. h4 Kd6 52. Bf7 Kc7 53. Bxg6 Kxb7
54. Bxf5 Nf6 55. Kc4 Kc6 56. g4 Kd6 57. g5 hxg5 58. hxg5 Nd5 59. Bxe4 Nxe3+ 60.
Kb5 Nd1 61. Kxa5 Nc3 62. Bd3 Nd5 63. g6 1-0

[Event "Montreal CC-ch"]
[Site "Montreal CAN"]
[Date "2019.06.08"]
[Round "3.3"]
[White "Rodrigue-Lemieux, Shawn"]
[Black "Pomerantz, Daniel"]
[Result "1-0"]
[WhiteElo "2391"]
[BlackElo "2191"]
[PlyCount "113"]
[EventDate "2019.06.07"]
[EventType "swiss"]
[EventRounds "5"]
[EventCountry "CAN"]

1. e4 c5 2. Nf3 e6 3. g3 d5 4. exd5 exd5 5. d4 Nf6 6. Bb5+ Bd7 7. Bxd7+ Qxd7 8.
O-O cxd4 9. Nbd2 Nc6 10. Nb3 Be7 11. Nbxd4 O-O 12. Re1 Bc5 13. Be3 Ne4 14. Nxc6
bxc6 15. Bxc5 Nxc5 16. Qd4 Ne6 17. Qc3 Qd6 18. Rad1 Rfe8 19. Nh4 g6 20. Nf3 c5
21. Qf6 Rad8 22. Ne5 Qc7 23. Ng4 Ng7 24. Rxe8+ Rxe8 25. Rxd5 h5 26. Nh6+ Kf8
27. Qc3 Qe7 28. g4 Qe1+ 29. Qxe1 Rxe1+ 30. Kg2 hxg4 31. Nxg4 Ne6 32. Rd7 Re2
33. Ne3 Nd4 34. Kf1 Rd2 35. Rd5 f5 36. c3 Nf3 37. Rxd2 Nxd2+ 38. Ke2 Ne4 39. f3
Ng5 40. h4 Ne6 41. Nd5 Kg7 42. Ke3 Kh6 43. Nf4 Nc7 44. b4 cxb4 45. cxb4 g5 46.
hxg5+ Kxg5 47. a4 a6 48. a5 Nb5 49. Ne6+ Kf6 50. Nc5 Nc7 51. Kd4 Nb5+ 52. Kd5
Kg5 53. Nxa6 Kf4 54. Kc5 Kxf3 55. Kxb5 Ke3 56. Nc7 f4 57. Nd5+ 1-0

[Event "Montreal CC-ch"]
[Site "Montreal CAN"]
[Date "2019.06.08"]
[Round "3.4"]
[White "Broday, Gabriel Renan"]
[Black "Saha, Ananda"]
[Result "1/2-1/2"]
[WhiteElo "2115"]
[BlackElo "2273"]
[PlyCount "41"]
[EventDate "2019.06.07"]
[EventType "swiss"]
[EventRounds "5"]
[EventCountry "CAN"]

1. e4 c5 2. Nf3 d6 3. Bc4 a6 4. a4 e6 5. Qe2 Be7 6. O-O Nf6 7. e5 dxe5 8. Nxe5
O-O 9. Re1 Nbd7 10. Nxd7 Bxd7 11. Nc3 Bc6 12. d3 Nd5 13. Nxd5 Bxd5 14. Bxd5
Qxd5 15. Bf4 b5 16. axb5 axb5 17. Be5 Bd6 18. Bxd6 Qxd6 19. Qe4 Qd5 20. g3 Qxe4
21. dxe4 1/2-1/2

[Event "Montreal CC-ch"]
[Site "Montreal CAN"]
[Date "2019.06.08"]
[Round "3.5"]
[White "Zhong, Kevin"]
[Black "Adam, Rafael"]
[Result "1-0"]
[WhiteElo "2193"]
[BlackElo "1667"]
[PlyCount "101"]
[EventDate "2019.06.07"]
[EventType "swiss"]
[EventRounds "5"]
[EventCountry "CAN"]

1. e4 c6 2. d4 d5 3. exd5 cxd5 4. c4 Nf6 5. Nc3 e6 6. Nf3 Be7 7. cxd5 exd5 8.
Bd3 O-O 9. h3 Re8 10. O-O h6 11. Ne5 Bd7 12. Qb3 Bc6 13. Bf4 Nbd7 14. Nxc6 bxc6
15. Ba6 Qa5 16. Qa4 Qb6 17. Rac1 c5 18. Nb5 Bd8 19. Nd6 Re6 20. Bb7 Rb8 21. Bc6
Bc7 22. Bxd7 Nxd7 23. Qxd7 Bxd6 24. dxc5 Rd8 25. Qxe6 fxe6 26. cxb6 Bxf4 27. b7
Kf8 28. Rc8 Re8 29. g3 Bd6 30. Rfc1 d4 31. Rxe8+ Kxe8 32. Rc8+ Kd7 33. b8=Q
Bxb8 34. Rxb8 d3 35. Kf1 e5 36. Ke1 e4 37. Kd2 Kd6 38. Rb7 g5 39. Rxa7 h5 40.
a4 h4 41. gxh4 gxh4 42. Ke3 Ke5 43. Re7+ Kf5 44. Rxe4 d2 45. Rd4 d1=N+ 46. Rxd1
Ke5 47. a5 Kf5 48. a6 Ke5 49. a7 Kf6 50. a8=Q Ke6 51. Qe4+ 1-0

[Event "Montreal CC-ch"]
[Site "Montreal CAN"]
[Date "2019.06.08"]
[Round "3.6"]
[White "Zheng, Richard"]
[Black "Gauthier, Luc"]
[Result "1-0"]
[WhiteElo "2165"]
[BlackElo "1691"]
[PlyCount "71"]
[EventDate "2019.06.07"]
[EventType "swiss"]
[EventRounds "5"]
[EventCountry "CAN"]

1. b3 e5 2. Bb2 d6 3. e3 Nf6 4. d4 Nbd7 5. Nf3 e4 6. Nfd2 d5 7. c4 c6 8. Nc3
Bd6 9. c5 Bc7 10. b4 O-O 11. a4 a6 12. Nb3 Re8 13. Be2 Nf8 14. b5 Ng6 15. b6
Bb8 16. h4 Nf8 17. Na5 Ne6 18. Qd2 Nd7 19. Na2 Nxb6 20. cxb6 Qxb6 21. Qb4 Bc7
22. Qxb6 Bxb6 23. Nb3 c5 24. dxc5 Nxc5 25. Nxc5 Bxc5 26. O-O Bd7 27. Nc1 Rac8
28. Rd1 Bc6 29. Nb3 Bd6 30. Na5 Be5 31. Bxe5 Rxe5 32. Rac1 Ree8 33. Nxc6 Rxc6
34. Rxc6 bxc6 35. Bxa6 Ra8 36. Bb7 1-0

[Event "Montreal CC-ch"]
[Site "Montreal CAN"]
[Date "2019.06.08"]
[Round "3.7"]
[White "Kozlov, Guennadi"]
[Black "Boudreau, Daniel"]
[Result "1/2-1/2"]
[WhiteElo "1717"]
[BlackElo "2053"]
[PlyCount "115"]
[EventDate "2019.06.07"]
[EventType "swiss"]
[EventRounds "5"]
[EventCountry "CAN"]

1. e4 c5 2. d4 cxd4 3. c3 Nf6 4. e5 Nd5 5. cxd4 d6 6. exd6 Qxd6 7. Nc3 Nc6 8.
Bb5 Bd7 9. Nge2 g6 10. O-O Bg7 11. Ne4 Qb4 12. Bxc6 Bxc6 13. N4c3 O-O 14. Nxd5
Bxd5 15. b3 Rfd8 16. Qd2 Qb6 17. Bb2 Bc6 18. Rfd1 Rd7 19. Qe3 Rad8 20. Rd2 Bb5
21. Rad1 e5 22. d5 Qxe3 23. fxe3 Bxe2 24. Rxe2 Rxd5 25. Rxd5 Rxd5 26. e4 Rd1+
27. Kf2 f6 28. Rc2 Bf8 29. Ke2 Rd7 30. Rc8 Kf7 31. Bc3 Bd6 32. Rc4 Rc7 33.
Rxc7+ Bxc7 34. Kd3 Ke6 35. g4 Bb6 36. a4 f5 37. gxf5+ gxf5 38. Be1 h5 39. h3 f4
40. Ke2 Kd6 41. Bc3 Bd4 42. Bb4+ Kc6 43. Bd2 Kc5 44. Be1 a6 45. Bd2 Bb2 46. Kd3
Ba3 47. Bc3 Kd6 48. Ke2 Bc5 49. Bd2 Bd4 50. Be1 Kc5 51. Bd2 Bb2 52. Kd3 b5 53.
b4+ Kc6 54. a5 Kd6 55. Ke2 Ke6 56. Kf3 Kf6 57. h4 Bd4 58. Be1 1/2-1/2

[Event "Montreal CC-ch"]
[Site "Montreal CAN"]
[Date "2019.06.08"]
[Round "3.8"]
[White "Nica, Ion"]
[Black "Nesterov, Timour"]
[Result "1/2-1/2"]
[WhiteElo "1661"]
[BlackElo "1911"]
[PlyCount "129"]
[EventDate "2019.06.07"]
[EventType "swiss"]
[EventRounds "5"]
[EventCountry "CAN"]

1. d4 e6 2. c4 f5 3. g3 Nf6 4. Bg2 Be7 5. Nc3 O-O 6. e4 fxe4 7. Nxe4 Nxe4 8.
Bxe4 d5 9. Bb1 Bb4+ 10. Kf1 Qf6 11. Be3 Nc6 12. c5 e5 13. dxe5 Nxe5 14. Qxd5+
Be6 15. Qe4 Bc4+ 16. Kg2 g6 17. f4 c6 18. a3 Bd5 19. Ba2 Nf7 20. Bxd5 Qxb2+ 21.
Bf2 cxd5 22. Qb1 Bxa3 23. Qxb2 Bxb2 24. Rb1 Ba3 25. Rb5 Bc1 26. Nf3 Bxf4 27.
gxf4 Nd8 28. Kg3 Ne6 29. Be3 d4 30. Bxd4 Nxf4 31. Re1 Rf7 32. Ne5 Nh5+ 33. Kg2
Rc7 34. Reb1 Nf4+ 35. Kf3 Ne6 36. Ke4 Nxc5+ 37. Bxc5 Rxc5 38. Rxb7 Re8 39. Rxa7
Rcxe5+ 40. Kf3 Rf5+ 41. Kg2 Ref8 42. Ra3 Kg7 43. Rb7+ R8f7 44. Rb6 Rf2+ 45. Kg1
Rc2 46. Rb1 h5 47. h3 Rff2 48. Rab3 Rg2+ 49. Kh1 Rh2+ 50. Kg1 Rcg2+ 51. Kf1 Rc2
52. Kg1 Rhf2 53. Rb7+ Kh6 54. R7b3 Rg2+ 55. Kh1 Rgf2 56. Kg1 Rf6 57. Rf1 Rxf1+
58. Kxf1 Kg5 59. Rg3+ Kh6 60. Re3 Rc4 61. Kg2 Rf4 62. Kg3 Rf6 63. h4 Rf1 64.
Re4 Rg1+ 65. Kh3 1/2-1/2

[Event "Montreal CC-ch"]
[Site "Montreal CAN"]
[Date "2019.06.08"]
[Round "3.9"]
[White "Chouinard, Jean"]
[Black "Guipi Bopala, Prince Eric jr"]
[Result "0-1"]
[WhiteElo "750"]
[BlackElo "1845"]
[PlyCount "28"]
[EventDate "2019.06.07"]
[EventType "swiss"]
[EventRounds "5"]
[EventCountry "CAN"]

1. e4 e5 2. Nc3 Nc6 3. Nf3 Nf6 4. d3 Be7 5. h3 d5 6. exd5 Nxd5 7. Nxd5 Qxd5 8.
Bd2 O-O 9. Be2 Nd4 10. O-O Nxf3+ 11. gxf3 Bxh3 12. Re1 Qe6 13. f4 Qg6+ 14. Kh2
Qg2# 0-1

[Event "Montreal CC-ch"]
[Site "Montreal CAN"]
[Date "2019.06.08"]
[Round "3.11"]
[White "Mok, Yuen Tak"]
[Black "Wang, Isabelle"]
[Result "1-0"]
[WhiteElo "2017"]
[BlackElo "1590"]
[PlyCount "85"]
[EventDate "2019.06.07"]
[EventType "swiss"]
[EventRounds "5"]
[EventCountry "CAN"]

1. c4 c5 2. Nf3 Nc6 3. Nc3 Nf6 4. g3 d6 5. Bg2 g6 6. d4 cxd4 7. Nxd4 Bd7 8. Nc2
Bg7 9. O-O O-O 10. b3 Qb6 11. Bb2 Ne5 12. Qd4 Qxd4 13. Nxd4 Nc6 14. e3 Nxd4 15.
exd4 Rab8 16. Rfe1 Rfe8 17. Re2 a6 18. Rc1 e6 19. Ba3 Bf8 20. d5 e5 21. Nd1 b6
22. Ne3 Rbc8 23. Nc2 b5 24. Nb4 bxc4 25. bxc4 a5 26. Nc6 Bxc6 27. dxc6 Nh5 28.
Rb1 Ng7 29. Rd2 e4 30. Rb6 Re6 31. Rd5 Nf5 32. Bh3 Re5 33. Bb2 Re7 34. Bxf5
gxf5 35. Rxf5 h6 36. Rxa5 Rec7 37. Raa6 Bg7 38. Bxg7 Kxg7 39. Kf1 Kf6 40. Ke2
Ke6 41. Ke3 d5 42. cxd5+ Kxd5 43. g4 1-0

[Event "Montreal CC-ch"]
[Site "Montreal CAN"]
[Date "2019.06.08"]
[Round "3.12"]
[White "Chang, Alexander"]
[Black "He, Zekai"]
[Result "1-0"]
[WhiteElo "1958"]
[BlackElo "1581"]
[PlyCount "67"]
[EventDate "2019.06.07"]
[EventType "swiss"]
[EventRounds "5"]
[EventCountry "CAN"]

1. e4 c5 2. Nf3 e6 3. d4 cxd4 4. Nxd4 a6 5. c4 Qc7 6. Nc3 Nf6 7. Bd3 Nc6 8.
Nxc6 dxc6 9. O-O Bd6 10. h3 O-O 11. b3 h6 12. Bb2 Rd8 13. Qc2 b5 14. Ne2 Nd7
15. Rac1 b4 16. Rfd1 c5 17. Rf1 Bb7 18. f4 Qc6 19. Ng3 Be7 20. e5 Qc7 21. Qe2
a5 22. f5 exf5 23. Bxf5 Bg5 24. Rce1 Bh4 25. Qg4 Bxg3 26. Qxg3 Nf6 27. Qf2 Nh7
28. e6 Ng5 29. exf7+ Nxf7 30. Be6 Rf8 31. Rd1 Bc8 32. Bxf7+ Kh8 33. Bxg7+ Kxg7
34. Qf6+ 1-0

[Event "Montreal CC-ch"]
[Site "Montreal CAN"]
[Date "2019.06.08"]
[Round "3.13"]
[White "Barko, Maxim"]
[Black "Lamoureux, Yvon"]
[Result "1-0"]
[WhiteElo "1863"]
[BlackElo "1560"]
[PlyCount "69"]
[EventDate "2019.06.07"]
[EventType "swiss"]
[EventRounds "5"]
[EventCountry "CAN"]

1. d4 Nf6 2. Bg5 e6 3. e3 Be7 4. Bd3 Nd5 5. Bxe7 Qxe7 6. a3 e5 7. c4 Nf6 8.
dxe5 Qxe5 9. Nc3 d5 10. Nf3 Qh5 11. cxd5 O-O 12. e4 Re8 13. O-O Bg4 14. Re1
Nbd7 15. Re3 Re7 16. Be2 a6 17. Nd2 Bxe2 18. Qxe2 Qxe2 19. Rxe2 Rae8 20. f4 Nb6
21. Rae1 g6 22. b4 Rd8 23. a4 Red7 24. a5 Nc8 25. Nc4 c6 26. d6 Kf8 27. e5 Nd5
28. Nxd5 cxd5 29. Ne3 Nxd6 30. exd6 Rxd6 31. Rd2 d4 32. Nc4 Rc6 33. Ne5 Re6 34.
Kf2 f6 35. Nxg6+ 1-0

[Event "Montreal CC-ch"]
[Site "Montreal CAN"]
[Date "2019.06.08"]
[Round "3.14"]
[White "O'Neill, Brendon"]
[Black "Sonn, Eric"]
[Result "1-0"]
[WhiteElo "1800"]
[BlackElo "1545"]
[PlyCount "47"]
[EventDate "2019.06.07"]
[EventType "swiss"]
[EventRounds "5"]
[EventCountry "CAN"]

1. e4 c5 2. Nf3 e6 3. d4 cxd4 4. Nxd4 a6 5. Be2 Qc7 6. O-O Nf6 7. Nd2 b6 8. Bd3
Bd6 9. N2f3 Ng4 10. h3 h5 11. Qe2 Bb7 12. hxg4 hxg4 13. e5 gxf3 14. Nxf3 Bxf3
15. Qxf3 Bxe5 16. g3 Nc6 17. Be3 d5 18. c3 Bf6 19. Qe2 Be5 20. f4 d4 21. cxd4
Bxd4 22. Rac1 Qb7 23. Be4 Bxe3+ 24. Qxe3 1-0

[Event "Montreal CC-ch"]
[Site "Montreal CAN"]
[Date "2019.06.09"]
[Round "4.1"]
[White "Rodrigue-Lemieux, Shawn"]
[Black "Yu, Zong Yang"]
[Result "0-1"]
[WhiteElo "2391"]
[BlackElo "2476"]
[PlyCount "40"]
[EventDate "2019.06.07"]
[EventType "swiss"]
[EventRounds "5"]
[EventCountry "CAN"]

1. Nf3 c5 2. g3 Nc6 3. Bg2 g6 4. O-O Bg7 5. e4 e5 6. c3 Nge7 7. Na3 O-O 8. Nc2
d6 9. d4 exd4 10. cxd4 Bg4 11. Be3 Qb6 12. d5 Nb4 13. Na3 Qa6 14. Qb3 Bd7 15.
e5 Nexd5 16. Nd2 Be6 17. Qc4 Nxe3 18. Qxa6 Nxa6 19. fxe3 d5 20. Nf3 Nb4 0-1

[Event "Montreal CC-ch"]
[Site "Montreal CAN"]
[Date "2019.06.09"]
[Round "4.3"]
[White "Saha, Ananda"]
[Black "Jacquet, Stephane"]
[Result "1/2-1/2"]
[WhiteElo "2273"]
[BlackElo "2012"]
[PlyCount "103"]
[EventDate "2019.06.07"]
[EventType "swiss"]
[EventRounds "5"]
[EventCountry "CAN"]

1. Nf3 Nf6 2. g3 g6 3. Bg2 Bg7 4. d4 O-O 5. c4 d6 6. Nc3 Nbd7 7. O-O c6 8. e4
Qc7 9. h3 e5 10. Be3 Re8 11. Rb1 a5 12. dxe5 dxe5 13. Qe2 Bf8 14. a3 Nc5 15.
Bg5 Nh5 16. b4 Ne6 17. Be3 axb4 18. axb4 b6 19. b5 c5 20. Nd5 Qd6 21. Rfd1 Nd4
22. Bxd4 cxd4 23. Ne1 Bb7 24. Nd3 Bxd5 25. cxd5 Rec8 26. Nb4 Rc3 27. Nc6 f6 28.
Bf3 Ng7 29. h4 Raa3 30. Bg4 h5 31. Bh3 Qc7 32. Ra1 Bc5 33. Rxa3 Rxa3 34. Rd3
Ra1+ 35. Kh2 Qb7 36. Rf3 Ne8 37. Be6+ Kg7 38. g4 hxg4 39. Bxg4 Qa8 40. Bd7 Ra2
41. Qf1 Nd6 42. Qg2 Qh8 43. Qg4 Ra3 44. Rxa3 Bxa3 45. Ne7 Qh5 46. Qh3 Nxe4 47.
Qxa3 Qxh4+ 48. Bh3 Qxf2+ 49. Bg2 Qh4+ 50. Kg1 Qe1+ 51. Kh2 Qh4+ 52. Kg1 1/2-1/2

[Event "Montreal CC-ch"]
[Site "Montreal CAN"]
[Date "2019.06.09"]
[Round "4.4"]
[White "Tremblay, Alain"]
[Black "Tanaka, Tyler"]
[Result "1/2-1/2"]
[WhiteElo "2078"]
[BlackElo "2230"]
[PlyCount "97"]
[EventDate "2019.06.07"]
[EventType "swiss"]
[EventRounds "5"]
[EventCountry "CAN"]

1. d4 Nf6 2. c4 g6 3. Nc3 Bg7 4. e4 d6 5. f3 O-O 6. Be3 e5 7. d5 Nh5 8. Qd2 f5
9. Nge2 Nd7 10. O-O-O Ndf6 11. Kb1 fxe4 12. Nxe4 Bf5 13. N2c3 Bxe4+ 14. Nxe4
Nxe4 15. fxe4 Nf6 16. Bd3 Ng4 17. h3 Nxe3 18. Qxe3 Qh4 19. g3 Bh6 20. Qe1 Qg5
21. h4 Qe3 22. h5 Kg7 23. Qb4 Qb6 24. Qxb6 axb6 25. hxg6 hxg6 26. Rdf1 Be3 27.
Be2 Rf2 28. Rxf2 Bxf2 29. g4 Bd4 30. Bf3 Rf8 31. Rh3 c6 32. a3 b5 33. cxb5 cxb5
34. Kc2 Rc8+ 35. Kb1 b4 36. axb4 Rc4 37. Bd1 Rxb4 38. Rb3 Rxb3 39. Bxb3 b5 40.
Bd1 Kf6 41. b3 Kg5 42. Kc2 Kf4 43. Kd3 Kg3 44. Be2 Kf2 45. Bd1 Ke1 46. Be2 Bc5
47. Bf3 b4 48. Be2 Bd4 49. Bf3 1/2-1/2

[Event "Montreal CC-ch"]
[Site "Montreal CAN"]
[Date "2019.06.09"]
[Round "4.5"]
[White "Guipi Bopala, Prince Eric jr"]
[Black "Zhong, Kevin"]
[Result "0-1"]
[WhiteElo "1845"]
[BlackElo "2193"]
[PlyCount "52"]
[EventDate "2019.06.07"]
[EventType "swiss"]
[EventRounds "5"]
[EventCountry "CAN"]

1. d4 d5 2. Bf4 c5 3. e3 cxd4 4. exd4 Nc6 5. c3 Bf5 6. Bd3 Bxd3 7. Qxd3 e6 8.
Nf3 Bd6 9. Bxd6 Qxd6 10. O-O Nge7 11. Nbd2 O-O 12. Rfe1 Ng6 13. h3 Rae8 14.
Rad1 f6 15. Nf1 Nf4 16. Qd2 e5 17. dxe5 fxe5 18. N3h2 Qg6 19. Ng3 h5 20. h4 e4
21. Nhf1 Ne5 22. Ne3 Nh3+ 23. Kh2 Nxf2 24. Qxd5+ Kh8 25. Rd2 Qf6 26. Nef5 Rd8
0-1